Normal view
MARC view
- Cueli, José,
Entry Nombre Personal
001 - NUMERO DE CONTROL
- campo de control: 31422
003 - IDENTIFICADOR DE NUMERO DE CONTROL
- campo de control: UPN
005 - FECHA Y HORA DE LA ÜLTIMA TRANSACCIÓN
- campo de control: 20220217124236.0
008 - DATOS DE LONGITUD FIJA
- campo de control de longitud fija: 220217|||acannaabn a aaa |d
035 ## - NUMERO DE CONTROL
- Número de control: UPN11000003528
040 ## - FUENTE DE CATALOGACIÓN
- Agencia original de catalogación: MX-MxUPN
- Lenguaje de catalogación: spa
- Agencia de transcripción: MX-MxUPN
100 1# - ENCABEZAMIENTO - NOMBRE PERSONAL
- Nombre personal: Cueli, José,
- Fechas asociadas con el nombre: 1934-
670 ## - FUENTE EN LA QUE SE LOCALIZARON DATOS
- Cita de la fuente: Teorías de la personalidad, 1990:
- Información localizada: portada (José Cueli)
670 ## - FUENTE EN LA QUE SE LOCALIZARON DATOS
- Cita de la fuente: Memoria, percepción y discernimiento, 2017:
- Información localizada: portada (José Cueli)
902 ## - CATALOGADOR
- Catalogador: CAA/061011
